000
00290 a2200121 4500
001
122244
020
_a
9782090354904
040
_c
Escola Canadense de Niteroi
100
_a
Colette Samson
245
1
0
_a
Amis 1 et compagnie - Méthode de Français - A1
650
4
_a
Francês
942
_c
BK
999
_c
122244
_d
122244